Top 30 : Kalash Criminel - Statistiques

Statistiques générales
  • Ce quiz a été pris 32 fois
  • Le résultat moyen est 10 sur 30
Statistiques - réponses
Top Titres Featuring % Correct
1 Arrêt du cœur Kaaris
89%
9 10 12 14 bureau
78%
2 Bling Bling Kaaris, Sofiane
72%
6 Sale sonorité
61%
7 Apocalypse Kaaris, Freeze Corleone
50%
5 But en or Damso
50%
12 93 empire Sofiane
44%
18 Encore
44%
22 Euphorie
44%
17 Sauvagerie 2
44%
10 Cagoulé Jul
39%
15 Tchalla Kaaris
39%
16 ENCORE LES PROBLÈMES Freeze Corleone
33%
13 Sombre
33%
26 Turn Up Nekfeu
33%
29 4Matic Kaaris
28%
3 Dans la zone Jul
28%
4 Piano sombre
28%
25 Tu paniques Niska
28%
11 Je ne comprends pas Jul
22%
19 La Sacem de Florent Pagny
22%
27 Mélanger KeBlack
22%
28 O.G Thug
22%
23 Ahou
11%
8 Josky
11%
21 Limbisa ngai Damso
11%
20 Shooter Kaaris
11%
30 Tête brûlée
11%
14 Weiß maskiert Luciano
11%
24 Enterrez-les
6%
Aucun quiz correspondant
Distribution des résultats
% des personnes avec chaque résultat
Percentile par nombre de réponses
Votre historique - résultats
Vous n’avez pas pris ce quiz